000
00292nam a2200109Ia 4500
008
220204s9999 xx 000 0 und d
082
_a
NR:04
_b
IRS
245
0
_a
Effects of currency movements on natural rubber prices
260
_a
London
_b
IRSG
650
_a
Natural rubber prices
942
_c
BK
999
_c
39862
_d
39862